00518cam a2200157 a 450000100100000000500170001000800410002704000290006808200170009710000360011424500690015026000690021930000170028865000260030565000290033100001514520200929163952.0810505s1970 sp 000 0 spa d aDO-SdBNPbspacLCdBNPHU a220.6bP222c1 aPáramo, Severiano del,d1889-10aCultura bíblica y religiosa /cP. Severiano del Páramo, S.J. aSantander, (Colombia) :bUniversidad Pontificia Comillas,c1970. av. ;c22 cm. 4aEnseñanza bíblica 4aPazxAspectos religiosos